000 00536cam a22001932 4500
001 0000000861
005 20170406112933.0
008 131120s xx 000 0 eng d
020 _c$
040 _aYour Holding Symbol
_cYour Holding Symbol
100 1 _aKavanaugh,O.C.D Kieran.
245 1 4 _aThe collected works of ST Teresa of avila.
250 _a ed.
260 _awashington,D.C :
_bICS Publications,
_c1972.
300 _a406 p. ;
_c cm.
504 _aindex.
650 0 _achrisitanity.
908 _a131120
999 _c781
_d781